01356 a2200169 45000010006000000050017000060080041000230030015000640400040000790800046001192450044001652640064002093000019002735050866002920410008011581000020011665410620260407155811.0260407a1968 arg spa dAR-UNSa-BCEJYS aAR-UNSa-BCEJYSbspacAR-UNSa-BCEJYS a330(73)xEconomía de los Estados Unidos10aLa republica económica norteamericana 1aBuenos Aires :bTEA (Tipográfica Editora Argentina)c1968 a314 p.c20 cm. aPrimera parte: Teoría - I. Fragmentación de las concepciones económicas:la propiedad ante el análisis - II. Conceptos de la fisión del siglo XX: poder y propiedad,problema de aspectos - III. Fuentes de capital y cambios en el poder de tomar decisiones - IV. El mercado libre ¿es un amigo o una amenaza? - V. El proceso democrático:la política como medio de reparación - Segunda parte: Organización y estructura - VI. El Estado político asume la responsabilidad - VII. Estructura gubernamental de la república económica norteamericana - VIII. Dinero,crédito y capital - IX. Los mercados controlados - X. El sector del mercado libre: la industria y su concentración - XI. El trabajo:su poder y precio - XII. El Estado tutelar:el sector socializado - Tercera parte: Los valores - XIII. El sistema de valores y el "margen trascendental" aspa1 aBerle, Adolf A.